Movies Quiz

Random Movies or Toys Quiz

Movie Trilogy Quiz: Toy Story Stats

 Plays Quiz not verified by Sporcle

Support Sporcle.
Go Orange.
Score 0/30 Timer 05:00
0 Plays Today
Question Answer % Correct
What's Andy's toy dinosaur's name?Rex
75.8%
What color is Hamm?Pink
75.6%
Who did Barbie fall in love with?Ken
74.7%
What's the horse's name? Bullseye
74.5%
What year was the first Toy Story made?1995
69.7%
Where was Al taking the entire Roundup Gang to?Tokyo, Japan
69.3%
Before Andy moved to his new house, who was his next door neighbor's name?Sid
69.3%
What was Andy's favorite two toys?Woody and Buzz
69.3%
Who did Woody rescue during the yard sale?Wheezy
69.3%
What color was Al's suitcase that had the toys?Green
68%
What was the Prospector's name?Stinky Pete
67.7%
What day care did Woody and his friends go to?Sunnyside
66.5%
What's Bo's full name?Bo Peep
63.7%
Who owned Jessie before Al did?Emily
61.9%
What did Buzz and his friends use to cross the street to Al's Toy Barn?Cones
61.3%
Question Answer % Correct
What's Bonnie's toy dinosaur's name?Trixie
55.6%
Where did Woody end up at the end of the 3rd Movie?Bonnie's House
54.6%
What alien world did the aliens come from?Pizza Planet
52.4%
Who found out that Andy was looking for them?Mrs. Potato Head
51.2%
Which toy had the same owner as Lotso and was founded by Bonnie?Chuckles
49.6%
What's the unicorn's name?Buttercup
47.9%
What did Al use to distract Andy's mom so he could steal Woody?Skateboard
47.2%
Who dragged Woody into the garbage can?Lotso
46.5%
Who caught Buzz spying on Ken and his friends?Big Baby
45%
Who owned Lotso in the first place?Daisy
38.9%
Who is the 'Eye of the Sky'?The Monkey
37.2%
In the first movie, where did Andy's mom get gas from?Dinoco
32.4%
What year was Ken's Nehru Jacket from?1967
31.7%
What vehicle did Buzz take to rescue Woody from Al? Pizza Planet Truck
28.4%
What weapon did One-Eyed Betty use to whack Woody off the train?Nunchucks
10.2%

You're not logged in!

Compare scores with friends on all Sporcle quizzes.
OR
Log In

From the Vault

English Letter Frequency Across All Google Books

by rockgolf

English would be a really weird language if we suddenly decided to replace all our k's with q's.
Remove Ads.
Support Sporcle.
Get the best of Sporcle when you Go Orange. This ad-free experience offers more features, more stats, and more fun while also helping to support Sporcle. Thank you for becoming a member.

Show Comments

Extras

Created Feb 24, 2011ReportNominate
Tags:Toys Quiz, Story, Toy Story, Trilogy

Top Quizzes Today


Score Distribution

Your Account Isn't Verified!

In order to create a playlist on Sporcle, you need to verify the email address you used during registration. Go to your Sporcle Settings to finish the process.

Report this User

Report this user for behavior that violates our Community Guidelines.

Details: